000 00768nam a2200217 a 4500
001 000042567
005 20201002040236.0
008 140128s1999 sp 000 0 spa d
020 _a8474239400
040 _aDO-SdBNP
_bspa
_cBNPHU
082 _axxxxxx
_bxxxxxx
100 1 _aLevi Montalcini, Rita,
_d1909-2012
_969814
245 1 3 _aEl as en la manga :
_blos dones reservados da la vejez /
_cRita Levi Montalcini, traducción Juan Vivanco.
260 _aBarcelona, :
_bCrítica,
_c1999.
300 _a171 p. ;
_c23 cm.
490 1 _aDrakontos
500 _aIncluye referencias bibliográficas y notas al pie de las páginas
500 _aIncluye datos biográficos en la solapa de la cubierta
700 1 _aVivanco, Juan,
_etr.
_969815
830 0 _aDrakontos
_932963
999 _c42056
_d42056